Микропроцессорный блок управления полупроводниковым коммутатором для накачки CUBR-лазера; Вестник науки Сибири; № 1 (11)
| Parent link: | Вестник науки Сибири: электронный научный журнал/ Томский политехнический университет (ТПУ).— , 2011-.— 2226-0064 № 1 (11).— 2014.— [С. 46-52] |
|---|---|
| Hlavní autor: | |
| Korporativní autor: | |
| Další autoři: | , |
| Shrnutí: | Заглавие с титульного листа Разработка приборов, позволяющих проводить обработку материалов с помощью высококонцентрированных потоков энергии, является весьма актуальной задачей. Одним из классов таких приборов являются лазерные системы, которые могут применяться как в технике, так и в медицине. Разработка устройств, позволяющих формировать «силовой» пучок с заданной конфигурацией позволит значительно увеличить скорость обработки материалов и минимизировать побочные действия при использовании в медицинских целях. В работе представлено подобное устройство, позволяющее изменять распределение интенсивности по пучку с использованием активных оптических систем с усилителями яркости на парах металлов. В качестве усилителя яркости использовался CuBr-лазер с тиратронным источником питания с импульсным зарядом рабочей емкости. Мощность источника питания варьировалась от 900 до 1500 Вт. Проведены исследования зависимости контраста получаемых изображений и влияние параметров используемого дисплея. |
| Jazyk: | ruština |
| Vydáno: |
2014
|
| Edice: | Инженерные науки |
| Témata: | |
| On-line přístup: | http://earchive.tpu.ru/handle/11683/16727 |
| Médium: | MixedMaterials Elektronický zdroj Kapitola |
| KOHA link: | https://koha.lib.tpu.ru/cgi-bin/koha/opac-detail.pl?biblionumber=530017 |
MARC
| LEADER | 00000naa2a2200000 4500 | ||
|---|---|---|---|
| 001 | 530017 | ||
| 005 | 20240124102852.0 | ||
| 035 | |a (RuTPU)RU\TPU\prd\215851 | ||
| 035 | |a RU\TPU\prd\215840 | ||
| 090 | |a 530017 | ||
| 100 | |a 20140321d2014 k y0rusy50 ca | ||
| 101 | 0 | |a rus | |
| 102 | |a RU | ||
| 135 | |a drnn ---uucaa | ||
| 181 | 0 | |a i | |
| 182 | 0 | |a b | |
| 200 | 1 | |a Микропроцессорный блок управления полупроводниковым коммутатором для накачки CUBR-лазера |f С. Н. Торгаев, Е. С. Порохов, Д. С. Чертихина | |
| 203 | |a Текст |c электронный | ||
| 215 | |a 1 файл (714 Кб) | ||
| 225 | 1 | |a Инженерные науки | |
| 300 | |a Заглавие с титульного листа | ||
| 320 | |a [Библиогр.: с. 52 (4 назв.)] | ||
| 330 | |a Разработка приборов, позволяющих проводить обработку материалов с помощью высококонцентрированных потоков энергии, является весьма актуальной задачей. Одним из классов таких приборов являются лазерные системы, которые могут применяться как в технике, так и в медицине. Разработка устройств, позволяющих формировать «силовой» пучок с заданной конфигурацией позволит значительно увеличить скорость обработки материалов и минимизировать побочные действия при использовании в медицинских целях. В работе представлено подобное устройство, позволяющее изменять распределение интенсивности по пучку с использованием активных оптических систем с усилителями яркости на парах металлов. В качестве усилителя яркости использовался CuBr-лазер с тиратронным источником питания с импульсным зарядом рабочей емкости. Мощность источника питания варьировалась от 900 до 1500 Вт. Проведены исследования зависимости контраста получаемых изображений и влияние параметров используемого дисплея. | ||
| 337 | |a Adobe Reader | ||
| 461 | 1 | |0 (RuTPU)RU\TPU\prd\143680 |x 2226-0064 |t Вестник науки Сибири |o электронный научный журнал |f Томский политехнический университет (ТПУ) |d 2011- | |
| 463 | 1 | |0 (RuTPU)RU\TPU\prd\215797 |t № 1 (11) |v [С. 46-52] |d 2014 | |
| 610 | 1 | |a труды учёных ТПУ | |
| 610 | 1 | |a электронный ресурс | |
| 610 | 1 | |a микропроцессорные устройства | |
| 610 | 1 | |a полупроводники | |
| 610 | 1 | |a лазеры | |
| 610 | 1 | |a бромид меди | |
| 610 | 1 | |a фотолитография | |
| 700 | 1 | |a Торгаев |b С. Н. |c специалист в области электроники |c доцент Томского политехнического университета, кандидат физико-математических наук |c младший научный сотрудник Института оптики атмосферы СО РАН |f 1984- |g Станислав Николаевич |3 (RuTPU)RU\TPU\pers\25908 |9 11759 | |
| 701 | 1 | |a Порохов |b Е. С. | |
| 701 | 1 | |a Чертихина |b Д. С. | |
| 712 | 0 | 2 | |a Национальный исследовательский Томский политехнический университет (ТПУ) |b Институт неразрушающего контроля (ИНК) |b Кафедра промышленной и медицинской электроники (ПМЭ) |3 (RuTPU)RU\TPU\col\18719 |
| 801 | 1 | |a RU |b 63413507 |c 20090623 |g PSBO | |
| 801 | 2 | |a RU |b 63413507 |c 20180112 |g PSBO | |
| 856 | 4 | |u http://earchive.tpu.ru/handle/11683/16727 | |
| 942 | |c BK | ||